KOHA-Header-6

An Introduction to Genetic Analysis (Record no. 1216)

000 -LEADER
fixed length control field 00334nam a2200133Ia 4500
008 - FIXED-LENGTH DATA ELEMENTS--GENERAL INFORMATION
fixed length control field 190722s9999 xx 000 0 und d
020 ## - INTERNATIONAL STANDARD BOOK NUMBER
International Standard Book Number 0-7167-2285-2
100 ## - MAIN ENTRY--PERSONAL NAME
Personal name Anthony.J.F.Griffiths
245 #3 - TITLE STATEMENT
Title An Introduction to Genetic Analysis
250 ## - EDITION STATEMENT
Edition statement 5th
260 ## - PUBLICATION, DISTRIBUTION, ETC. (IMPRINT)
Place of publication, distribution, etc New York
Name of publisher, distributor, etc W.H.Freeman
Date of publication, distribution, etc 1993
300 ## - PHYSICAL DESCRIPTION
Extent 840
942 ## - ADDED ENTRY ELEMENTS (KOHA)
Koha item type Books
Holdings
Withdrawn status Lost status Damaged status Not for loan Permanent Location Current Location Shelving location Date acquired Full call number Barcode Date last seen Price effective from Koha item type
        MAJU MAJU Shelf No.A36 2019-07-22 576.5 7841 2019-07-22 2019-07-22 Bio Science

Powered by Koha